E-learning vo výučbe cudzích jazykov

Stručné predstavenie nového on-line kurzu a poukázanie na prednosti e-learningu vo výučbe odborných cudzích jazykov. Zefektívnenie cudzojazyčného vyučovania vhodnou kombináciou tradičnej formy vzdelávania a e-learningu. Interaktívny proces výučby.

Salvato in:
Dettagli Bibliografici
Autore principale: Lišková, Danuša
Altri autori: Bodnár, Zoltán, 1969-, Némethová, Ildikó, 1974-, Vereská, Oľga
Natura: Capitolo di libro
Lingua:slovacco
Soggetti:
Tags: Aggiungi Tag
Nessun Tag, puoi essere il primo ad aggiungerne!!

MARC

LEADER 00000naa$a2200000$$$4500
001 0073166
005 20240502071852.4
041 0 |a slo 
044 |a SK 
245 1 0 |a E-learning vo výučbe cudzích jazykov  |c Danuša Lišková, Zoltán Bodnár, Ildikó Némethová, Oľga Vereská 
520 |a Stručné predstavenie nového on-line kurzu a poukázanie na prednosti e-learningu vo výučbe odborných cudzích jazykov. Zefektívnenie cudzojazyčného vyučovania vhodnou kombináciou tradičnej formy vzdelávania a e-learningu. Interaktívny proces výučby. 
610 2 0 |a vzdelávanie elektronické 
610 2 0 |a jazyky cudzie 
610 2 0 |a vyučovanie 
610 2 0 |a študenti 
610 2 0 |a didaktika 
100 1 |a Lišková, Danuša 
700 1 |a Bodnár, Zoltán, 1969- 
700 1 |a Némethová, Ildikó, 1974- 
700 1 |a Vereská, Oľga